Traduction fr/en: Le mouvement - Statistiques

Statistiques générales
  • Ce quiz a été pris 66 fois
  • Le résultat moyen est 18 sur 38
Statistiques - réponses
Mots Traduction % Correct
venir to come
100%
Marcher To walk
100%
courir to run
98%
revenir to come back
84%
nager to swim
77%
tomber to fall
75%
suivre to follow
75%
voler to fly
73%
sauter to jump
71%
aller à to go to
70%
rester to stay
70%
bouger to move
66%
arriver to arrive
64%
s’asseoir to sit down
64%
voyager to travel
64%
sortir to go out
63%
quitter to leave
61%
se lever to stand up
54%
grimper to climb
50%
revenir de to come back from
46%
traverser to cross
43%
se dépêcher to hurry
43%
venir de come from
38%
atteindre to reach
34%
atterrir to land
32%
entrer to come in
25%
s’enfuir to run away
25%
s’effondrer to collapse
21%
rentrer chez soi to go back home
21%
sortir de to go out of
20%
décoller to take off
20%
se lever to get up
18%
entrer dans to come into
11%
soulever to lift
11%
se précipiter to rush
11%
partir to go away
5%
descendre de to get off
4%
monter dans to get on
4%
Aucun quiz correspondant
Distribution des résultats
% des personnes avec chaque résultat
Percentile par nombre de réponses
Votre historique - résultats
Vous n’avez pas pris ce quiz